Таблица на десетичната класификация за масови библиотеки (Запис номер 439132)
[ съкратено ]
| 000 -Лидер | |
|---|---|
| Контролно поле с фиксирана дължина | nam a22 a 4500 |
| 003 - Код на организацията, давaща контролен номер | |
| Контролно поле | BLK |
| 005 - Дата и час на последна редакция | |
| Контролно поле | 20211207105209.0 |
| 008 - Елементи от данни с фиксирана дължина | |
| fixed length control field | 180409b bul|||||r ||||||| ||bul|| |
| 010 ## - Наследен системен номер | |
| LC control number | KNG00135439000 |
| 040 ## - Източник на каталожния запис | |
| Идентификатор на билиотеката - собственик на записа | BLK |
| 041 ## - Код за език | |
| Код за езика на текст/звукозапис или на отделно заглавие | Български |
| Код за езика КДБФ | Български |
| 080 ## - УДК | |
| Текстов определител УДК | Десетична класификация на Дюи (ДК). Универсална десетична класификация(УДК). Класификации с индекси на основата на десетичната система |
| УДК код - определител по УДК | 025.45 |
| УДК - код + определител | 025.45 |
| 139 ## - Редно поле | |
| Редна дума | Таблица на десетичната класификация за масови библиотеки |
| 245 10 - Сведения за заглавието | |
| Заглавие | Таблица на десетичната класификация за масови библиотеки |
| Редно поле (дума) | състав. Ценко Цветанов, Диана Икономова. |
| 250 ## - Област на изданието | |
| Сведения за изданието | 3. попр. изд. |
| 257 ## - Страна на издаване | |
| Страна на създаване/издаване | България |
| 260 ## - Област на издателските данни | |
| Място на издаване, разпространение и проч. | София |
| Име на издателя, разпространителя и проч. | Наука и изкуство |
| Година на издаване | 1960 |
| 300 ## - Физическа характеристика | |
| Страници | 112 с. |
| Размери/Мащаб | 20 см |
| 380 ## - Жанр | |
| Жанр | Общ отдел |
| 500 ## - Общи забележки | |
| Забележка | 1. изд. 1951. - 5 080 тир. |
| 650 #4 - Допълнително описание по предмет – тема | |
| Основно описание – тема или топоним | Класификация, библиотечна |
| 9 (RLIN) | 321828 |
| 650 #4 - Допълнително описание по предмет – тема | |
| Основно описание – тема или топоним | Класификация - книги |
| 9 (RLIN) | 258520 |
| 653 ## - Ключова дума – ненормативна | |
| Ключова дума | библиотечна класификация |
| 653 ## - Ключова дума – ненормативна | |
| Ключова дума | книги |
| 700 1# - Други автори (авторска отговорност) | |
| Лично име | Цветанов, Ценко |
| Автороска отговорност (Описва отношението между автора и произведението) | състав. |
| Друга информация | Тодоров, Ценко Цветанов |
| 9 (RLIN) | 367590 |
| 700 1# - Други автори (авторска отговорност) | |
| Лично име | Икономова, Диана |
| Автороска отговорност (Описва отношението между автора и произведението) | състав. |
| 9 (RLIN) | 321827 |
| 852 ## - Местоположение | |
| Форматна сигнатура | Цб 16460 |
| Фондова буква | Хранилище |
| 999 ## - СИСТЕМНИ КОНТРОЛНИ НОМЕРА | |
| Koha biblionumber | 439132 |
| Koha biblioitemnumber | 439132 |
| 942 ## - АРТИКУЛИ | |
| Вид на библиотечния материал | Книги |
| Скрит в OPAC | Не |
| Периодичен библиозапис | Да |
| 944 ## - СЪЗДАВАНЕ И РЕДАКЦИЯ на ЗАПИСА | |
| Създаване/Редакция | Създаване |
| Дата на регистрацията/редакция | 2021-12-07 |
| Статус, дата на статуса | 2021-12-07 |
| Служител, извършил регистрацията/редакцията | Ренета Константинова |
| Код за отписване | Код за изгубен артикул | Източник на класификационната схема | Код за повреда | Коз за рестрикции | Код за отдаване | Артикулен № | Име на библиотеката - собственик | Име на библиотеката, в която се намира в момента | Статус (Текущо местоположение) | Дата на вписване в системата | Местоположение - отдел | Цена в лева | Инвентарен номер | Систематично азбучна сигнатура | Баркод | Цена в евро | Служебен тип на артикула |
|---|---|---|---|---|---|---|---|---|---|---|---|---|---|---|---|---|---|
| Не е изгубен | Universal Decimal Classification | Не е повреден | само за читалня | ползва се в читалня | 864696 | Регионална библиотека "Любен Каравелов" Русе | Регионална библиотека "Любен Каравелов" Русе | Хранилище | 2021-12-09 | Основен фонд - ползва се само за читалня | 0.44 | 4608/60 | Цб 16460 | 900000084943 | 0.22 | Книги |